LEADER 01214nam--2200409---450- 001 990001933850203316 005 20041203182226.0 035 $a000193385 035 $aUSA01000193385 035 $a(ALEPH)000193385USA01 035 $a000193385 100 $a20040816d1985----km-y0itay0103----ba 101 0 $aita 102 $aIT 105 $a||||||||001yy 200 1 $a<> Sannio e i sanniti$fEdward Togo Salmon$gtrad. di B. McLeod e A. Venturi 210 $aTorino$cEinaudi$d1985 215 $aXV, 462 p.$cill.$d21 cm 225 2 $aSaggi$v678 410 0$12001$aSaggi$v678 454 1$12001$aSamnium and the Samnites$943517 461 1$1001-------$12001 606 0 $aSanniti 676 $a913.77 700 1$aSALMON,$bEdward Togo$0164380 702 1$aMcLEOD,$bB. 702 1$aVENTURI,$bA. 801 0$aIT$bsalbc$gISBD 912 $a990001933850203316 951 $aIX.5. 1(Varie Coll. 2/678)$b11821 L.M.$cVarie Coll. 951 $aIX.5. 1a(Varie Coll. 2/678 bis)$b16092 L.M.$cVarie Coll. 959 $aBK 969 $aUMA 979 $aSIAV2$b10$c20040816$lUSA01$h1513 979 $aCOPAT1$b90$c20041203$lUSA01$h1822 996 $aSamnium and the Samnites$943517 997 $aUNISA LEADER 01353nam2-2200385li-450 001 990000108840203316 005 20180312154605.0 010 $a0-86380-061-0 035 $a0010884 035 $aUSA010010884 035 $a(ALEPH)000010884USA01 035 $a0010884 100 $a20001109d1987----km-y0itay0103----ba 101 0 $aeng 102 $aGB 200 1 $aCondition monitoring of electricalmachines$fPeter J. Tavner and James Penman 210 $aLetchworth$cResearch Studies Press ; New York [etc.]$cJohn Wiley & Sons$dcopyr. 1987 215 $aXV, 286 p.$cill.$d23 cm 225 2 $aElectronic and electrical engineering research studies. Electrical machines series$v1 410 0$10010010885$12001$aElectronic and electrical engineering research studies. Electrical machines series 610 1 $amacchinari monitoraggio 676 $a621.310 42 700 1$aTavner,$bPeter J.$0745487 702 1$aPenman,$bJames 801 $aSistema bibliotecario di Ateneo dell' Università di Salerno$gRICA 912 $a990000108840203316 951 $a621.310 42 TAV$b0003981 959 $aBK 969 $aTEC 979 $c19940303 979 $c20001110$lUSA01$h1711 979 $c20020403$lUSA01$h1618 979 $aPATRY$b90$c20040406$lUSA01$h1608 996 $aCondition monitoring of electricalmachines$91486854 997 $aUNISA